Statistics for Religion, who founded it?

Click here to take the quiz!

General Stats

  • This quiz has been taken 22 times
  • The average score is 8 of 35

Answer Stats

ReligionFounder(s)% Correct
ChristianityJesus
100%
IslamMuhammad
95%
ConfucianismConfucius
80%
BuddhismSiddharta Gautama
80%
JudaismAbraham
65%
PythagoreanismPythagoras
65%
ZoroastrianismZoroaster
55%
Daoism/TaoismLaozi
50%
ScientologyL. Ron Hubbard
30%
EpicureanismEpicurus
25%
Falun Gong / Falun DafaLi Hongzhi
25%
ManichaeismMani
25%
JucheKim Il-sung
20%
RaëlismClaude Vorilhon
15%
Bahá'í FaithBahá'u'lláh
10%
SikhismGuru Nanak
10%
ThelemaAleister Crowley
5%
SpiritismAllan Kardec
5%
Church of SatanAnton LaVey
5%
StoicismZeno of Citium
5%
YazidismAdi ibn Musafir
0%
Religion of HumanityAuguste Comte
0%
WiccaGerald Gardner
0%
Great Law of PeaceGreat Peacemaker
0%
Missionary Church of KopimismIsak Gerson
0%
RastafariMarcus Garvey
0%
Mohism/MoismMozi
0%
TenrikyoNakayama Miki
0%
CaodaismNgô Văn Chiêu
0%
Cult of Inti/Inca religionPachacuti
0%
EckankarPaul Twitchell
0%
HinduismSaptarishi
0%
Yarsanism/Kaka'iSultan Sahak
0%
Ásatrú / HeathenrySveinbjörn Beinteinsson
0%
Cult of Huitzilopochtli/Aztec religionTlacaelel
0%

Score Distribution

Percentile by Number Answered

Percent of People with Each Score

Your Score History

You have not taken this quiz